| 000 | 01448nam a2200229 a 4500 | ||
|---|---|---|---|
| 003 | AM-YEHGA | ||
| 005 | 20260403152020.0 | ||
| 008 | 260310n ir a|||gr|||| 00||0 per d | ||
| 040 | _aAM-YEHGA | ||
| 041 | 1 |
_aper _heng |
|
| 245 | 0 | 0 |
_aمراقبت نوزاد قبل از تولّد و بهداشت مادر در دوران حاملگی / _cترجمه: دکتر محمّد بهشتی ; ناشر: دولت ایالت متحدّه امریکا. |
| 246 | 3 | 1 | _aPrenatal care of the baby and maternal health during pregnancy |
| 260 |
_aتهران : _bS. n., _cS.a. |
||
| 300 |
_a92 p. ; _bill. |
||
| 500 | _aاز طرف دولت ایالت متحدّه امریکا انتشار یافته است | ||
| 650 | 1 | 4 | _aMedicine |
| 650 | 1 | 4 |
_aGynecology _xPregnancy |
| 700 | 1 |
_aبهشتی، محمّد _e _4trl |
|
| 710 | 2 |
_aدولت ایالت متحدّه امریکا (United States Government) _epublisher |
|
| 942 |
_2udc _cBK |
||
| 001 | 2052962 | ||
| 999 |
_c541890 _d541890 |
||